02048cam a2200385 a 450000100090000000300090000900500170001800800410003502000250007602000220010103500200012304000430014308200200018624501480020625000190035426400510037326400100042430000450043433600260047933700280050533800270053349000410056050400510060150505250065265000630117765000610124065000500130165300240135165500240137570000360139990600450143594200120148099900170149295201530150917302091EG-ScBUE20221107075959.0120515t2013 njua f b 001 0 eng d a9780133045994 (pbk.) a0133045994 (pbk.) a(DNLM)101584223 aDNLM/DLCbengerdacDLCdDLCdEG-ScBUE04a615.19222bPHA00aPharmacology /cMaryAnn Hogan, MSN, RN, clinical assistant professor, School of Nursing, University of Massachusetts-Amherst [and three others] aThird edition. 1aNew Jersey :bPearson Education, Inc.,c[2013] 4cc2013 axi, 580 pages :billustrations ;c26 cm. 2rdacontentatextbtxt 2rdamediaaunmediatedbn 2rdacarrieravolumebnc0 aPearson nursing reviews & rationales aIncludes bibliographical references and index.0 aBasic principles and safety in pharmacology -- Anti-infective medications -- Antineoplastic medications -- Blood modifying agents -- Cardiac medications -- Endocrine system medications -- Gastrointestinal system medications -- Immune system medications -- Integumentary system medications -- Neurological and musculoskeletal system medications -- Psychiatric medications -- Renal system medications -- Reproductive system medications -- Respiratory system medications -- Visual and auditory medications -- Herbal agents. 7aPharmaceutical PreparationsvExamination Questions.2BUEsh 7aPharmaceutical PreparationsvNurses' Instruction.2BUEsh 7aPharmaceutical PreparationsvOutlines.2BUEsh bPPhrmcNovember2022 vReading book9342321 aHogan, Mary Ann,cMSN,eeditor. a7bcbccorignewd1eecipf20gy-gencatlg 2ddccBB c29948d29919 00102ddc40708BaccahaMAINbMAINc1STd2022-11-07ePurchaseg586.00h36915l0o615.19 PHAp000056412r2025-07-15 00:00:00v732.50w2022-11-07yBB